[Event "Mechanics' Neil Falconer TNM; 30/90, SD"]
[Site "San Francisco"]
[Date "2013.09.17"]
[Round "7.21"]
[White "Furukawa, Jon"]
[Black "Muller, Raymond"]
[Result "0-1"]
[WhiteElo "1489"]
[BlackElo "1402"]
[PlyCount "21"]
[EventDate "2013.??.??"]

1. e4 e6 2. d4 d5 3. e5 c5 4. c3 Nc6 5. Nf3 Qb6 6. Bd3 Bd7 7. O-O cxd4 8. cxd4
Nxd4 9. Nxd4 Qxd4 10. Nc3 Qb6 11. Qe2 {remaining moves illegible.} 0-1

[Event "Mechanics' Neil Falconer TNM; 30/90, SD"]
[Site "San Francisco"]
[Date "2013.08.27"]
[Round "4.19"]
[White "Furukawa, Jon"]
[Black "Newey, Richard"]
[Result "0-1"]
[WhiteElo "1489"]
[BlackElo "1842"]
[Annotator "Donaldson"]
[PlyCount "64"]
[EventDate "2013.??.??"]

1. e4 c5 (1... e5 2. d4 exd4 3. Nf3 c5) 2. d4 cxd4 3. c3 e5 4. cxd4 exd4 5. Nf3
Bc5 6. Bd3 (6. Bc4) 6... d6 7. O-O Nc6 8. Bf4 Bg4 9. Nbd2 Nge7 10. h3 Bh5 11.
Rc1 Rc8 12. Nb3 Qb6 (12... Bb6) 13. Qe2 (13. Nxc5 dxc5 14. Bd6 Nb4 15. e5)
13... O-O 14. e5 $2 Bxf3 15. Qxf3 Nxe5 16. Bxe5 dxe5 17. Qh5 f5 18. Nxc5 Rxc5
19. b3 Qc7 20. Bc4+ Kh8 21. Qg5 Rf6 22. Qh5 Ng6 23. Qd1 Rfc6 24. a4 a6 25. Rb1
Nf4 26. g3 Nxh3+ 27. Kh2 Rh6 28. Kg2 Qc6+ 29. f3 Nf4+ $1 30. gxf4 Qg6+ 31. Kf2
Rh2+ 32. Ke1 Qg3+ 0-1

[Event "Mechanics' Neil Falconer TNM; 30/90, SD"]
[Site "San Francisco"]
[Date "2013.09.10"]
[Round "6.27"]
[White "Furukawa, Jon"]
[Black "Otterbach, Renate"]
[Result "1-0"]
[WhiteElo "1489"]
[BlackElo "968"]
[PlyCount "31"]
[EventDate "2013.??.??"]

1. e4 e6 2. d4 d5 3. e5 Ne7 4. Nf3 Nf5 5. Bd3 c5 6. c3 Nc6 7. Bxf5 exf5 8. O-O
Be6 9. Be3 Qb6 10. Qc2 Be7 11. Ng5 f6 12. Nxe6 fxe5 13. dxc5 Qa6 14. Nc7+ Kf7
15. Nxa6 bxa6 16. Qxf5+ 1-0

[Event "Mechanics' Neil Falconer TNM; 30/90, SD"]
[Site "San Francisco"]
[Date "2013.10.01"]
[Round "9.19"]
[White "Furukawa, Jon"]
[Black "Standen, Julian"]
[Result "1/2-1/2"]
[WhiteElo "1489"]
[BlackElo "1625"]
[PlyCount "65"]
[EventDate "2013.??.??"]

1. e4 d5 2. exd5 Qxd5 3. Nc3 Qa5 4. d4 Bf5 5. Nf3 Nf6 6. Bd2 c6 7. Bc4 e6 8.
Ne4 Qc7 9. Ng3 Bg4 10. h3 Bxf3 11. Qxf3 Bd6 12. O-O Nbd7 13. Rfe1 O-O 14. Ne2
Rfe8 15. Bg5 c5 16. Bb5 Be7 17. Bf4 Qb6 18. Bxd7 Nxd7 19. b3 Nf6 20. Rad1 Rad8
21. Be5 Qc6 22. Qxc6 bxc6 23. dxc5 Bxc5 24. Nd4 Bxd4 25. Bxd4 a6 26. Rd3 Nd5
27. Red1 Nb4 28. R3d2 Nxa2 29. c3 c5 30. Rxa2 cxd4 31. Rxd4 Rxd4 32. cxd4 Rd8
33. Rxa6 1/2-1/2

[Event "Mechanics' Winter TNM; 30/90, SD/30"]
[Site "San Francisco"]
[Date "2013.01.15"]
[Round "2.9"]
[White "Gaffagan, Steven"]
[Black "Askin, Michael"]
[Result "1/2-1/2"]
[WhiteElo "2094"]
[BlackElo "1872"]
[Annotator "Donaldson"]
[PlyCount "82"]
[EventDate "2013.??.??"]

1. e4 c5 2. Nf3 d6 3. c3 Nf6 4. Be2 Nbd7 5. Qc2 b6 6. d4 cxd4 7. cxd4 Bb7 8.
Nc3 Rc8 9. Bd3 e5 10. d5 Be7 11. O-O O-O 12. b4 Bxd5 $5 13. exd5 e4 14. Bxe4
Nxe4 15. Qxe4 Bf6 $5 16. Nb5 Bxa1 17. Nxa7 Ra8 18. Nc6 Qe8 19. Qb1 $11 Bf6 20.
Re1 Ne5 21. Ng5 $6 (21. Nfxe5 dxe5 22. Qb3 $11) 21... Bxg5 22. Bxg5 f6 23. Bf4
Qf7 24. h3 Rfe8 25. Rd1 b5 $1 26. Bxe5 fxe5 27. Rd2 Qf4 28. Qb2 Rf8 29. Re2
Rae8 30. a3 Qc4 31. Qd2 Rf7 32. f3 Rf4 33. Re1 Ref8 34. Rc1 Qb3 35. Rc3 Qa4 36.
Ne7+ Kh8 37. Nc8 Rd4 (37... Qa6) 38. Qg5 Qd1+ 39. Kh2 Qd2 40. Nxd6 $1 Qxc3 41.
Nf7+ Kg8 1/2-1/2

[Event "Mechanics' Summer TNM; 30/90, SD/30"]
[Site "San Francisco"]
[Date "2013.05.28"]
[Round "1.8"]
[White "Gaffagan, Steven"]
[Black "Campers, Willie"]
[Result "0-1"]
[WhiteElo "2097"]
[BlackElo "1656"]
[PlyCount "76"]
[EventDate "2013.??.??"]

1. d4 Nf6 2. c4 e6 3. Nf3 b6 4. g3 Ba6 5. Qc2 Nc6 6. Bg2 Rb8 7. O-O Be7 8. a3
O-O 9. b4 b5 10. d5 exd5 11. cxd5 Nxd5 12. e4 Nb6 13. Bf4 Bb7 14. Nc3 a6 15.
Nd5 d6 16. Nxb6 cxb6 17. Rfd1 Rc8 18. Qb1 Qc7 19. Ra2 Ne5 20. Nd4 Rfd8 21. Bh3
Ra8 22. Rc2 Nc4 23. f3 Qb8 24. Nf5 Bf8 25. Qa1 Bc8 26. Bf1 Bxf5 27. exf5 Qc8
28. Rd5 Qc6 29. Qd4 Rac8 30. Kf2 Be7 31. Rc1 Bf6 32. Qd1 Nb2 33. Qb3 Nc4 34.
Qd1 Bb2 35. Rb1 Bxa3 36. f6 Nb2 37. Rxb2 Bxb2 38. Bd3 Bxf6 0-1

[Event "Mechanics' Spring TNM; 30/90, SD/30"]
[Site "San Francisco"]
[Date "2013.04.23"]
[Round "6.7"]
[White "Gaffagan, Steven"]
[Black "Delmonico, Nils"]
[Result "1-0"]
[WhiteElo "2086"]
[BlackElo "1969"]
[PlyCount "63"]
[EventDate "2013.??.??"]

1. d4 e6 2. Nf3 Nf6 3. c4 Bb4+ 4. Nbd2 O-O 5. Qc2 d6 6. a3 Bxd2+ 7. Bxd2 a5 8.
e3 Nc6 9. g4 Nxg4 10. Rg1 e5 11. h3 Nf6 12. d5 Ne7 13. Bd3 c6 14. dxc6 bxc6 15.
O-O-O Kh8 16. Bc3 Ng6 17. c5 Nd5 18. Be4 Qf6 19. cxd6 Qxd6 20. Nxe5 Nxe5 21. f4
Ng6 22. f5 f6 23. fxg6 h6 24. Bxd5 cxd5 25. Qd2 Be6 26. e4 Rfd8 27. Bxf6 Qc5+
28. Kb1 Rd7 29. Qxh6+ Kg8 30. Qh7+ Kf8 31. Bxg7+ Ke8 32. Qh8+ 1-0

[Event "Mechanics' Winter TNM; 30/90, SD/30"]
[Site "San Francisco"]
[Date "2013.02.26"]
[Round "8.1"]
[White "Gaffagan, Steven"]
[Black "Fuentes, Romulo"]
[Result "1/2-1/2"]
[WhiteElo "2094"]
[BlackElo "2229"]
[PlyCount "20"]
[EventDate "2013.??.??"]

1. d4 Nf6 2. c4 e6 3. Nc3 c5 4. d5 exd5 5. cxd5 Bd6 6. g3 O-O 7. Bg2 a6 8. Nf3
Qe7 9. O-O Bc7 10. Bg5 d6 1/2-1/2

[Event "Mechanics' Spring TNM; 30/90, SD/30"]
[Site "San Francisco"]
[Date "2013.04.09"]
[Round "4.8"]
[White "Gaffagan, Steven"]
[Black "Hakobyan, Sos"]
[Result "1-0"]
[WhiteElo "2086"]
[BlackElo "1791"]
[PlyCount "79"]
[EventDate "2013.??.??"]

1. d4 Nf6 2. c4 c5 3. d5 d6 4. Nc3 Bf5 5. f3 g6 6. e4 Bc8 7. Bd3 Bg7 8. Nge2
O-O 9. Bg5 Nbd7 10. Ng3 a6 11. a4 Rb8 12. O-O Ne8 13. Qd2 Nc7 14. f4 Qe8 15.
Rae1 f6 16. Bh4 h6 17. Nge2 Nb6 18. b3 Bd7 19. Kh1 Nc8 20. Qc2 b5 21. e5 Bf5
22. Bxf5 gxf5 23. e6 Qh5 24. Bf2 bxc4 25. bxc4 Rb4 26. Ng3 Qg6 27. Na2 Rb6 28.
a5 Rb8 29. Re3 Kh8 30. Nxf5 Rg8 31. Be1 Rb7 32. Bc3 Na7 33. Rg3 Qe8 34. Nh4 Rf8
35. Ng6+ Kg8 36. Qd1 Qb8 37. Nxe7+ Kh7 38. Rxg7+ Kxg7 39. Qg4+ Kh8 40. Qg6 1-0

[Event "Mechanics' Spring TNM; 30/90, SD/30"]
[Site "San Francisco"]
[Date "2013.03.26"]
[Round "2.6"]
[White "Gaffagan, Steven"]
[Black "Manvelyan, Hovik"]
[Result "1/2-1/2"]
[WhiteElo "2086"]
[BlackElo "1920"]
[PlyCount "84"]
[EventDate "2013.??.??"]

1. c4 Nf6 2. d4 d6 3. Nc3 Nbd7 4. e4 e5 5. Nf3 Be7 6. Be2 O-O 7. O-O c6 8. Re1
Qc7 9. Bf1 Re8 10. h3 a5 11. b3 Nf8 12. Bb2 Ng6 13. Rc1 Bf8 14. a3 Bd7 15. Qd2
Nh5 16. dxe5 dxe5 17. Na4 Rad8 18. Qe3 Nhf4 19. Red1 f6 20. Nb6 Be6 21. Nd5 Qf7
22. Nxf4 Nxf4 23. Kh2 Qh5 24. Nd2 Rd7 25. Nf3 Red8 26. Rxd7 Rxd7 27. Ng1 g5 28.
g3 Nxh3 29. Nxh3 Bxh3 30. Bxh3 g4 31. Qe2 Qxh3+ 32. Kg1 Bc5 33. Rc3 Bd4 34. Rd3
c5 35. Bxd4 cxd4 36. c5 Rg7 37. Qd2 Rg6 38. Qxa5 Rh6 39. Qd8+ Kg7 40. Qd7+ Kg8
41. Qe8+ Kg7 42. Qd7+ Kg8 1/2-1/2

[Event "Mechanics' Winter TNM; 30/90, SD/30"]
[Site "San Francisco"]
[Date "2013.02.12"]
[Round "6.9"]
[White "Gaffagan, Steven"]
[Black "Maser, Thomas"]
[Result "1-0"]
[WhiteElo "2094"]
[BlackElo "1993"]
[PlyCount "63"]
[EventDate "2013.??.??"]

1. e4 e5 2. Nf3 Nc6 3. Bb5 a6 4. Ba4 d6 5. c3 Bd7 6. d4 Nf6 7. Nbd2 g6 8. O-O
Bg7 9. Re1 Qe7 10. d5 Nb8 11. Bc2 O-O 12. b4 Nh5 13. Nb3 Bg4 14. h3 Bxf3 15.
Qxf3 Qh4 16. Qg4 Qxg4 17. hxg4 Nf6 18. f3 c6 19. c4 cxd5 20. cxd5 Rc8 21. Bd3
Nbd7 22. Bd2 Kf8 23. Rac1 b5 24. Be3 Ng8 25. Na5 Ne7 26. Nb7 Rxc1 27. Rxc1 Nc8
28. Rc7 Ke7 29. g5 f6 30. g3 Rb8 31. Bf1 Ke8 32. Bh3 1-0

[Event "Mechanics' Summer TNM; 30/90, SD/30"]
[Site "San Francisco"]
[Date "2013.06.11"]
[Round "3.16"]
[White "Gaffagan, Steven"]
[Black "Poling, Scott"]
[Result "1-0"]
[WhiteElo "2097"]
[BlackElo "1734"]
[PlyCount "33"]
[EventDate "2013.??.??"]

1. e4 e6 2. d4 d5 3. Nd2 Nc6 4. Ngf3 Nf6 5. e5 Nd7 6. c3 Be7 7. Bd3 O-O 8. Qc2
g6 9. Nb3 Kg7 10. h4 a5 11. h5 a4 12. Bh6+ Kg8 13. Nbd2 f5 14. exf6 Rxf6 15.
hxg6 Nf8 16. gxh7+ Kh8 17. Bg7+ 1-0

[Event "Mechanics' Winter TNM; 30/90, SD/30"]
[Site "San Francisco"]
[Date "2013.01.29"]
[Round "4.4"]
[White "Gaffagan, Steven"]
[Black "Shakhnazarov, Oleg"]
[Result "0-1"]
[WhiteElo "2094"]
[BlackElo "2184"]
[PlyCount "64"]
[EventDate "2013.??.??"]

1. Nf3 e6 2. c4 d5 3. d4 c6 4. g3 Nd7 5. Bg2 Ngf6 6. O-O Bd6 7. Nc3 O-O 8. Qc2
b6 9. cxd5 exd5 10. e4 Nxe4 11. Nxe4 dxe4 12. Qxe4 Bb7 13. Bg5 Qc7 14. Qh4 Rae8
15. d5 c5 16. Rfd1 f6 17. Be3 Ne5 18. Nxe5 Rxe5 19. Qc4 Rfe8 20. a3 Qd7 21. Bf4
Re2 22. Bxd6 Qxd6 23. b4 cxb4 24. axb4 a6 25. Rac1 R8e7 26. h4 g6 27. Kf1 R2e5
28. Re1 Kg7 29. Bf3 h5 30. Rxe5 fxe5 31. Qe4 Rf7 32. Kg2 $4 Rxf3 0-1

[Event "Mechanics' Summer TNM; 30/90, SD/30"]
[Site "San Francisco"]
[Date "2013.07.16"]
[Round "8.6"]
[White "Gaffagan, Steven"]
[Black "Thornally, Frank"]
[Result "0-1"]
[WhiteElo "2097"]
[BlackElo "2218"]
[PlyCount "104"]
[EventDate "2013.??.??"]

1. e4 e5 2. Nf3 Nc6 3. Bb5 a6 4. Ba4 Nf6 5. O-O Be7 6. Re1 b5 7. Bb3 d6 8. c3
O-O 9. h3 Nd7 10. d4 Bf6 11. a4 Bb7 12. d5 Ne7 13. Bc2 Ng6 14. b3 Be7 15. c4 c6
16. a5 c5 17. g3 b4 18. Nbd2 Bf6 19. Nf1 Ne7 20. N1h2 g6 21. Ng4 Bg7 22. Nh6+
Kh8 23. Ra2 Ng8 24. Ng4 Ndf6 25. Nxf6 Nxf6 26. Bd3 Bc8 27. Bf1 Bd7 28. Kh2 h6
29. Bg2 Nh5 30. Ng1 Be8 31. Bf3 Nf6 32. Bg2 Nh5 33. Bf3 Nf6 34. Be3 Ng8 35. g4
Bd7 36. Bg2 f5 37. f3 Rf7 38. Ne2 Qh4 39. Ng1 Raf8 40. Bf2 Qd8 41. Bg3 Nf6 42.
Qd2 Ng8 43. Raa1 Bf6 44. Qd3 Bh4 45. f4 exf4 46. Bxh4 Qxh4 47. gxf5 gxf5 48. e5
dxe5 49. Rxe5 Rg7 50. Ne2 Nf6 51. Rf1 Ng4+ 52. Kh1 Nxe5 0-1

[Event "Mechanics' Summer TNM; 30/90, SD/30"]
[Site "San Francisco"]
[Date "2013.06.25"]
[Round "5.6"]
[White "Gaffagan, Steven"]
[Black "Watson, Farid Mark"]
[Result "0-1"]
[WhiteElo "2097"]
[BlackElo "2027"]
[Annotator "Donaldson"]
[PlyCount "92"]
[EventDate "2013.??.??"]

1. d4 Nf6 2. c4 e6 3. Nf3 Bb4+ 4. Bd2 Qe7 5. g3 Nc6 6. Nc3 Bxc3 7. Bxc3 Ne4 8.
Rc1 d6 9. Bg2 O-O 10. d5 Nxc3 11. Rxc3 Nb8 12. O-O e5 13. b4 a5 14. a3 axb4 15.
axb4 Na6 16. Qb3 Bd7 17. Rfc1 Rfd8 18. h3 h6 19. e3 Rdb8 20. c5 Bb5 21. Nd2 Rd8
22. Nc4 e4 23. cxd6 cxd6 24. Nb6 Rab8 25. h4 f5 26. Nc8 Qe5 27. Na7 Bd3 28. Bf1
Bxf1 29. Kxf1 Rf8 30. Nb5 g5 31. hxg5 hxg5 32. Nd4 Qe8 33. Ke1 Qh5 34. R1c2
Rbe8 35. Ne6 Rf6 36. Rc8 Rff8 37. Qc3 Qh1+ 38. Kd2 Qh6 39. Nxf8 Rxf8 40. Rxf8+
Qxf8 41. Qc8 Nxb4 42. Qe6+ Qf7 43. Rc8+ Kg7 {White is still easily winning
here although his advantage is not as great as a few moves ago. Both players
were in horrible time pressure at this stage of the game and quit keeping
score at this point. Black won after a horrible blunder by White.} 44. Qxf7+
Kxf7 45. Rc7+ Kf6 46. Rxb7 Nxd5 0-1

[Event "Mechanics' Spring TNM; 30/90, SD/30"]
[Site "San Francisco"]
[Date "2013.04.23"]
[Round "6.20"]
[White "Gardiner, Paul"]
[Black "Chernobilskiy, Mikhail"]
[Result "1/2-1/2"]
[WhiteElo "1605"]
[BlackElo "1864"]
[PlyCount "64"]
[EventDate "2013.??.??"]

1. e4 e5 2. Nf3 Nc6 3. Nc3 Nf6 4. d4 exd4 5. Nxd4 Bb4 6. Nxc6 bxc6 7. Bd3 O-O
8. O-O h6 9. e5 Ne8 10. Qf3 d5 11. exd6 Nxd6 12. Bf4 Qf6 13. Ne4 Qxb2 14. Nxd6
Bxd6 15. Qe4 g6 16. Bxd6 cxd6 17. Qxc6 Be6 18. Qxd6 Bxa2 19. Rfe1 (19. Bxg6 $2
fxg6 20. Qxg6+ Kh8 21. Qxh6+ Kg8 22. Qa6 Bd5 23. Ra5 $1 $18) 19... Rfd8 20. Qf4
Kg7 21. Qe5+ Qxe5 22. Rxe5 Rab8 23. Ra5 Rb1+ 24. Rxb1 Bxb1 25. Rxa7 Rc8 26. Ra1
Rb8 (26... Bxc2 27. Rc1 $18) 27. h3 g5 28. Ra7 Rc8 29. Ra1 Rb8 30. Ra3 Rc8 31.
Ra1 Rb8 32. Bf5 Rb2 1/2-1/2

[Event "Mechanics' Summer TNM; 30/90, SD/30"]
[Site "San Francisco"]
[Date "2013.06.25"]
[Round "5.24"]
[White "Gardiner, Paul"]
[Black "James, Charles"]
[Result "1-0"]
[WhiteElo "1650"]
[BlackElo "1503"]
[PlyCount "57"]
[EventDate "2013.??.??"]

1. e4 e6 2. d4 d5 3. Nd2 Be7 4. Bd3 c5 5. dxc5 Bxc5 6. Ngf3 Nc6 7. O-O Nf6 8.
Qe2 O-O 9. e5 Nd7 10. Nb3 Bb6 11. c3 f6 12. exf6 Nxf6 13. Bg5 Qd6 14. Rae1 Bc7
15. Nbd4 Nxd4 16. cxd4 Ng4 17. Ne5 Nf6 18. Qc2 Bd7 19. g3 Rac8 20. Qe2 Ba5 21.
Rc1 a6 22. Bxf6 Rxf6 23. Rxc8+ Bxc8 24. Qc2 Qc7 25. Qxc7 Bxc7 26. Rc1 Bxe5 27.
Rxc8+ Kf7 28. dxe5 Rh6 29. Rc7+ 1-0

[Event "Mechanics' Spring TNM; 30/90, SD/30"]
[Site "San Francisco"]
[Date "2013.04.30"]
[Round "7.24"]
[White "Gardiner, Paul"]
[Black "Kottcamp, Jeff"]
[Result "0-1"]
[WhiteElo "1605"]
[BlackElo "1723"]
[PlyCount "48"]
[EventDate "2013.??.??"]

1. d4 f5 2. e4 fxe4 3. Nc3 Nf6 4. Bg5 d6 5. f3 exf3 6. Nxf3 Bf5 7. Bc4 e6 8.
Qe2 Qe7 9. O-O-O d5 10. Bd3 Nbd7 11. Rhe1 Bxd3 12. Rxd3 O-O-O 13. Nxd5 exd5 14.
Qxe7 Bxe7 15. Rxe7 Rhg8 16. Ra3 a6 17. Rae3 Ne4 18. Bh4 h6 19. Nd2 Nxd2 20.
Kxd2 Nf6 21. Bxf6 gxf6 22. g3 Rd7 23. R3e6 Rf8 24. Ke3 Kd8 0-1

[Event "Mechanics' Summer TNM; 30/90, SD/30"]
[Site "San Francisco"]
[Date "2013.07.16"]
[Round "8.21"]
[White "Gardiner, Paul"]
[Black "Krasnov, Steven"]
[Result "1-0"]
[WhiteElo "1650"]
[BlackElo "1955"]
[PlyCount "105"]
[EventDate "2013.??.??"]

1. e4 c5 2. Nf3 d6 3. d4 cxd4 4. Nxd4 Nf6 5. Nc3 a6 6. Bc4 e6 7. Bb3 Nbd7 8.
O-O Nc5 9. Re1 Be7 10. Bg5 Qc7 11. f3 O-O 12. Qe2 b5 13. Rad1 Bd7 14. a3 Rfe8
15. Ba2 Rac8 16. Be3 Qb8 17. Nb1 Bf8 18. Qd2 Qc7 19. Rc1 Rb8 20. b4 Na4 21. c4
Qb7 22. cxb5 axb5 23. Nc3 Nxc3 24. Rxc3 Rec8 25. Rec1 Rxc3 26. Rxc3 d5 27. e5
Ne8 28. Bb1 g6 29. Bd3 Bg7 30. f4 Bf8 31. Qc2 Be7 32. Nf3 Kg7 33. Bc5 Bd8 34.
g4 Rc8 35. Bd4 Rxc3 36. Qxc3 Qc6 37. Bc5 Nc7 38. f5 f6 39. g5 fxg5 40. f6+ Kg8
41. Nxg5 Be8 42. Qe1 Qd7 43. Qh4 h5 44. Qf2 Bf7 45. Nf3 Na8 46. Qg3 Kh7 47. Qg5
Bb6 48. Qxh5+ Kg8 49. Qh6 Bxc5+ 50. bxc5 Be8 51. Bxg6 Bxg6 52. Qxg6+ Kf8 53.
Ng5 1-0

[Event "Mechanics' Summer TNM; 30/90, SD/30"]
[Site "San Francisco"]
[Date "2013.07.02"]
[Round "6.15"]
[White "Gardiner, Paul"]
[Black "Manvelyan, Hovik"]
[Result "1/2-1/2"]
[WhiteElo "1650"]
[BlackElo "1902"]
[PlyCount "83"]
[EventDate "2013.??.??"]

1. e4 c5 2. Nf3 Nc6 3. d4 cxd4 4. Nxd4 d6 5. c4 Nf6 6. Nc3 g6 7. Be2 Bg7 8. Be3
O-O 9. O-O Bd7 10. Rc1 Rc8 11. Kh1 Nxd4 12. Bxd4 b6 13. Qd2 Ng4 14. Bxg7 Kxg7
15. Bxg4 Bxg4 16. f3 Be6 17. b3 Qd7 18. Rcd1 f6 19. Rfe1 Rc5 20. h3 Bxh3 21.
Nd5 Be6 22. Qd4 Rfc8 23. a4 Kf7 24. Qe3 Rg8 25. Rd2 g5 26. f4 gxf4 27. Qxf4 Rg5
28. Rf1 Bxd5 29. Qxg5 Bxe4 30. Qh4 Bg6 31. Rd5 Qb7 32. Qd4 Qc8 33. Re1 Bf5 34.
Qe3 Rc7 35. Qf4 Bg6 36. Qd4 Qf8 37. Qf4 Qc8 38. Qe3 Qg4 39. Rd4 Qd7 40. Qd2 Qf5
41. Qe3 Qd7 42. Qd2 1/2-1/2

[Event "Mechanics' Spring TNM; 30/90, SD/30"]
[Site "San Francisco"]
[Date "2013.03.26"]
[Round "2.37"]
[White "Gardiner, Paul"]
[Black "Otterbach, Renate"]
[Result "1-0"]
[WhiteElo "1605"]
[BlackElo "899"]
[PlyCount "64"]
[EventDate "2013.??.??"]

1. e4 e6 2. d4 d5 3. Nd2 Nf6 4. Bd3 c5 5. c3 Nc6 6. Ngf3 Qc7 7. O-O Bd7 8. Re1
g6 9. e5 Nh5 10. Nf1 c4 11. Bc2 Bg7 12. g4 Rg8 13. gxh5 gxh5 14. Ng3 O-O-O 15.
Kh1 Bf8 16. Nxh5 Be7 17. Rg1 Rgf8 18. Bh6 f5 19. exf6 Bd6 20. Bxf8 Rxf8 21. Rg7
Nd8 22. Ba4 Nf7 23. Bxd7+ Qxd7 24. Ne5 Bxe5 25. dxe5 Qc6 26. Qd4 b6 27. Rag1
Qe8 28. Rxh7 Kb7 29. Rgg7 Ka6 30. Nf4 Nd8 31. Rxa7+ Kb5 32. a4+ Kc6 1-0

[Event "Mechanics' Summer TNM; 30/90, SD/30"]
[Site "San Francisco"]
[Date "2013.06.04"]
[Round "2.33"]
[White "Gardiner, Paul"]
[Black "Reyes, Robert"]
[Result "1-0"]
[WhiteElo "1650"]
[BlackElo "1241"]
[PlyCount "25"]
[EventDate "2013.??.??"]

1. e4 e5 2. Nf3 Nf6 3. Nxe5 d6 4. Nf3 Nxe4 5. d4 d5 6. c4 Nc6 7. Nc3 Bb4 8. Bd2
Nxd2 9. Qxd2 Be6 10. cxd5 Bxd5 11. Be2 Bxf3 12. Bxf3 Qxd4 $4 13. Bxc6+ 1-0

[Event "Mechanics' Summer TNM; 30/90, SD/30"]
[Site "San Francisco"]
[Date "2013.06.04"]
[Round "2.17"]
[White "Goins, Demetrius"]
[Black "Allen, Tom"]
[Result "1-0"]
[WhiteElo "2136"]
[BlackElo "1565"]
[PlyCount "75"]
[EventDate "2013.??.??"]

1. e4 e5 2. Nf3 Nc6 3. Bc4 Nf6 4. d3 d6 5. Ng5 d5 6. exd5 Na5 7. Qe2 Nxc4 8.
dxc4 Bd6 9. Nc3 Bf5 10. O-O h6 11. Nge4 Nxe4 12. Nxe4 Bxe4 13. Qxe4 Qd7 14. f4
f5 15. Qe2 e4 16. Be3 b6 17. Rad1 O-O 18. Qf2 Qe7 19. c3 Bc5 20. Rd2 Rfd8 21.
b4 Bxe3 22. Qxe3 Rd7 23. Rfd1 Rad8 24. c5 bxc5 25. bxc5 a5 26. c4 c6 27. Kf1
Qh4 28. g3 Qh3+ 29. Kg1 g5 30. fxg5 Rf8 31. dxc6 Rxd2 32. Rxd2 Qg4 33. Qf4 Qxg5
34. Qxg5+ hxg5 35. c7 e3 36. Rd8 e2 37. Rxf8+ Kxf8 38. c8=Q+ 1-0

[Event "Mechanics' Winter TNM; 30/90, SD/30"]
[Site "San Francisco"]
[Date "2013.02.19"]
[Round "7.3"]
[White "Goins, Demetrius"]
[Black "Byamba, Uyanga"]
[Result "1/2-1/2"]
[WhiteElo "2131"]
[BlackElo "2094"]
[PlyCount "104"]
[EventDate "2013.??.??"]

1. d4 Nf6 2. Nf3 g6 3. Bg5 Bg7 4. Nbd2 O-O 5. e3 d6 6. Be2 Nc6 7. O-O h6 8. Bh4
e5 9. dxe5 dxe5 10. Nc4 Qe7 11. c3 b5 12. Ncd2 a6 13. a4 b4 14. Qc2 Be6 15.
Rac1 Ra7 16. Bxf6 Bxf6 17. Qe4 bxc3 18. Qxc6 cxd2 19. Nxd2 Rd8 20. Ne4 Bg7 21.
Rfd1 Rb8 22. Qc5 Qxc5 23. Nxc5 Rxb2 24. Bxa6 Bf5 25. Bb5 e4 26. Rc4 Bg4 27.
Rdc1 Be2 28. Rxe4 Bxb5 29. axb5 Rxb5 30. g3 Ra2 31. Rec4 Rbb2 32. Nd3 Rd2 33.
Nb4 Rab2 34. R4c2 Rdxc2 35. Nxc2 c5 36. Ne1 Bf8 37. Nd3 Rb5 38. Kf1 Kg7 39. Ke2
Kf6 40. Kd2 Bd6 41. Kc3 Ke6 42. Ra1 Kd5 43. f3 f5 44. Ra2 c4 45. e4+ fxe4 46.
fxe4+ Kxe4 47. Kxc4 Rb6 48. Re2+ Kf3 49. Re6 Bc7 50. Rxb6 Bxb6 51. Ne5+ Kg2 52.
Nxg6 Kxh2 1/2-1/2

[Event "Mechanics' Summer TNM; 30/90, SD/30"]
[Site "San Francisco"]
[Date "2013.06.25"]
[Round "5.2"]
[White "Goins, Demetrius"]
[Black "Fuentes, Romulo"]
[Result "1/2-1/2"]
[WhiteElo "2136"]
[BlackElo "2219"]
[PlyCount "31"]
[EventDate "2013.??.??"]

1. d4 Nf6 2. c4 e6 3. Nc3 c5 4. e3 a6 5. Be2 cxd4 6. exd4 d6 7. Nf3 Be7 8. O-O
b6 9. Be3 Nbd7 10. Nd2 O-O 11. Bf3 Rb8 12. Qe2 Qc7 13. Rac1 Bb7 14. Rfe1 Bxf3
15. Qxf3 Rfc8 16. Bf4 1/2-1/2

[Event "Mechanics' Winter TNM; 30/90, SD/30"]
[Site "San Francisco"]
[Date "2013.01.22"]
[Round "3.3"]
[White "Goins, Demetrius"]
[Black "Grey, Peter"]
[Result "1-0"]
[WhiteElo "2131"]
[BlackElo "2011"]
[PlyCount "107"]
[EventDate "2013.??.??"]

1. d4 Nf6 2. Nf3 g6 3. Bg5 Bg7 4. Nbd2 d5 5. e3 O-O 6. Be2 Nbd7 7. O-O c6 8. h3
Re8 9. c4 c5 10. Qb3 Qb6 11. cxd5 Qxb3 12. Nxb3 cxd4 13. Nfxd4 Nxd5 14. e4 N5f6
15. Nb5 Rf8 16. Nc3 b6 17. f4 h6 18. Bh4 Kh7 19. e5 Ng8 20. Bf3 Rb8 21. Rad1 g5
22. Be4+ Kh8 23. fxg5 hxg5 24. e6 Ne5 25. exf7 Nxf7 26. Bg3 e5 27. Bd5 Ngh6 28.
Ne4 Bb7 29. Rd2 Bxd5 30. Rxd5 Rfd8 31. Rfd1 Rxd5 32. Rxd5 Rd8 33. Rxd8+ Nxd8
34. Nxg5 Nf5 35. Bf2 e4 36. Nxe4 Bxb2 37. g4 Ne7 38. Bd4+ Bxd4+ 39. Nxd4 Nd5
40. Kf2 Kg7 41. Kf3 a6 42. h4 b5 43. Nc5 Nc7 44. Ke4 a5 45. Kf5 b4 46. g5 Nd5
47. h5 Nc3 48. Nde6+ Nxe6 49. Nxe6+ Kg8 50. Kg6 Nd5 51. h6 a4 52. h7+ Kh8 53.
Kh6 Ne7 54. Nd4 1-0

[Event "Mechanics' Winter TNM; 30/90, SD/30"]
[Site "San Francisco"]
[Date "2013.02.05"]
[Round "5.4"]
[White "Goins, Demetrius"]
[Black "Jones, James"]
[Result "1/2-1/2"]
[WhiteElo "2131"]
[BlackElo "2007"]
[PlyCount "52"]
[EventDate "2013.??.??"]

1. d4 Nf6 2. Nf3 b6 3. c4 Bb7 4. Nc3 e6 5. a3 Be7 6. d5 O-O 7. e4 exd5 8. cxd5
Re8 9. Bd3 Na6 10. O-O Nc5 11. e5 Nxd5 12. Nxd5 Bxd5 13. Bxh7+ Kxh7 14. Qxd5
Kg8 15. Be3 c6 16. Qc4 d5 17. exd6 Qxd6 18. Rad1 Qe6 19. Qc2 Qe4 20. Qe2 Rad8
21. b4 Nd3 22. Qc2 Bf6 23. Bg5 Bxg5 24. Nxg5 Qg6 25. Nf3 c5 26. bxc5 bxc5
1/2-1/2

[Event "Mechanics' Winter TNM; 30/90, SD/30"]
[Site "San Francisco"]
[Date "2013.01.08"]
[Round "1.7"]
[White "Goins, Demetrius"]
[Black "Newey, Richard"]
[Result "1-0"]
[WhiteElo "2131"]
[BlackElo "1673"]
[Annotator "Donaldson"]
[PlyCount "41"]
[EventDate "2013.??.??"]

1. d4 Nf6 2. Nf3 d5 3. c4 c6 4. Nc3 Bf5 5. cxd5 cxd5 6. Qb3 e6 7. Qxb7 Nbd7 8.
Bf4 Nh5 9. Bc7 Qc8 10. Qc6 Rb8 (10... a6) 11. Ne5 Rxb2 (11... Rb7) 12. e4 $1
Bxe4 $2 13. Ba6 Rb6 14. Bxc8 Rxc6 15. Bxd7+ Ke7 16. Bxc6 Bxg2 17. Rg1 Nf4 18.
Rb1 g6 19. Rb7 Kf6 20. Nd7+ Kf5 21. Bxf4 1-0